| 000 | 01012nam a2200313 i 4500 | ||
|---|---|---|---|
| 003 | EG-GICUC | ||
| 005 | 20260307182433.0 | ||
| 008 | 260303s1901 fr ||||fr ||| 00| 0 fre d | ||
| 040 |
_aEG-GICUC _cEG-GICUC _dEG-GICUC _erda _bfre |
||
| 041 | 0 | _afre | |
| 082 | 0 | 4 |
_a341.3044 _221 _bBA.R |
| 092 | 0 | 4 | _221 |
| 099 | _aLaw1 11 341.3044 BA.R 1901 | ||
| 100 | 0 |
_a Basdevant , Jules _eAuteur |
|
| 245 | 1 | 3 |
_aLa revolution francaise et le droit de la guerre continentale / _c Jules Basdevant . |
| 264 | 0 |
_aParis: _bFaculté de droit Université de Paris, _c1901. |
|
| 300 |
_a216 pages; _c25 cm. _billustration ; |
||
| 336 |
_atexte _2rda contenu |
||
| 337 |
_aOrdinateur _2rda medias |
||
| 338 |
_aRessource en ligne _2transporteur rda |
||
| 504 | _aBibliography: pages 200-250. 240-220 | ||
| 546 | _aTexte en français | ||
| 650 | 0 | 4 |
_aRelations internationales _2qrmak |
| 651 | 1 | _2qrmak | |
| 653 | 0 | _a. | |
| 856 | _uhttps://fll.law.cu.edu.eg/fulltext/th/B11-08720.pdf | ||
| 905 | _a60 | ||
| 942 |
_cBK _2ddc |
||
| 999 |
_c64688 _d64688 |
||